000 01046nam a2200217 a 4500
001 000020617
005 20200930011133.0
008 100811s2013 dr a 000 0 spa d
020 _z978099105415
040 _aDO-SdBNP
_bspa
_cBNPHU
082 _axxxx
_bD276s
100 1 _aDayton, Howard Lape,
_d1943-
_943345
245 1 0 _aSu dinero cuenta :
_bla dirección de Dios para dar, ahorrar, gastar, invertir y vivir sin deudas /
_cHoward Dayton ; versiones católica editadas por Jon & Evelyn Bean.
250 _aEdición Católica
260 _aEstados Unidos de America :
_bCompass Catholic Ministries,
_c2013.
300 _a213 p. :
_bil. ;
_c22 cm.
500 _aLa traducción al español del catecismo de la iglesia católica ha sido tomada de la versión actual publicada por librería editrice vaticana. Traducción al idioma español del catecismo de la iglesia católica en sus modificaciones -Llibrería editrice vaticana
590 _aInventariado, 2020 /LP
700 1 _aBean, Evelyn,
_eed.
_943346
700 1 _aBean, Jon,
_eed.
_943347
999 _c20121
_d20121